State domestic product and per capita income at current and constant prices (base year 1999-2000) (Record no. 489262)

000 -LEADER
fixed length control field 00464cam a22001217a 4500
008 - FIXED-LENGTH DATA ELEMENTS--GENERAL INFORMATION
fixed length control field 180718b-- xxu||||| |||| 00| 0 eng d
082 ## - DEWEY DECIMAL CLASSIFICATION NUMBER
Classification number T13x54332
100 ## - MAIN ENTRY--PERSONAL NAME
Personal name Chandigarh. Directorate of Economics and Statistics
245 ## - TITLE STATEMENT
Title State domestic product and per capita income at current and constant prices (base year 1999-2000)
260 ## - PUBLICATION, DISTRIBUTION, ETC.
Place of publication, distribution, etc. Chandigarh
Name of publisher, distributor, etc. The author
Date of publication, distribution, etc. --
500 ## - GENERAL NOTE
General note Library has 1999/2000-2005/06
650 ## - SUBJECT ADDED ENTRY--TOPICAL TERM
Topical term or geographic name entry element Gross domestic product - India - Chandigarh
Holdings
Withdrawn status Lost status Damaged status Not for loan Permanent Location Current Location Date acquired Full call number Barcode Date last seen Price effective from Koha item type
        Indian Institute of Public Administration Indian Institute of Public Administration 2018-08-04 T13x54332 GG29017 2018-08-04 2018-08-04 GG

Powered by Koha